Missing Word: Vampires in Film Quiz Stats

 Plays Quiz Updated Apr 3, 2017

     
Support Sporcle.
Go Orange.
Score 0/20 Timer 03:00
0 Plays Today
Film Missing Word % Correct
Buffy the Vampire _____Slayer
96.8%
From _____ Till DawnDusk
95.4%
Fright _____Night
95%
_____ HelsingVan
91.7%
_____ Stoker's DraculaBram
91%
_____ with the VampireInterview
83.5%
_____ TransylvaniaHotel
80.4%
The Twilight Saga: _____ Dawn - Part 1Breaking
77.8%
Abraham Lincoln: Vampire _____Hunter
76.1%
The League of _____ GentlemenExtraordinary
75.9%
Film Missing Word % Correct
30 _____ of NightDays
75.6%
The _____ BoysLost
69.6%
Dracula: Dead and _____ ItLoving
69.3%
I Am _____Legend
64.1%
Let the _____ One InRight
53.6%
Dark _____Shadows
49.8%
_____ of the DamnedQueen
46.6%
Bordello of _____Blood
41.5%
Blade: _____Trinity
40.9%
Near _____Dark
33.1%

Today's Daily Dose

Word Ladder
Drink to Me

Get the Picture
Big 4 'R' All-Stars

From the Vault

Before or After: First Moon Landing

by 60minutes

History 6m
Buzz Aldrin was the second man on the Moon. Neil before him!
Remove Ads.
Support Sporcle.
Get the best of Sporcle when you Go Orange. This ad-free experience offers more features, more stats, and more fun while also helping to support Sporcle. Thank you for becoming a member.

Show Comments

Extras

Top Quizzes Today


Score Distribution

Your Account Isn't Verified!

In order to create a playlist on Sporcle, you need to verify the email address you used during registration. Go to your Sporcle Settings to finish the process.

Report this User

Report this user for behavior that violates our Community Guidelines.

Details: